[Event "2nd League CS-East 2009"]
[Site "Golubac"]
[Date "2009.10.10"]
[Round "9.1"]
[White "Trailovic, Mile"]
[Black "Djukic, Zeljko"]
[Result "0-1"]
[WhiteElo "2154"]
[BlackElo "2378"]
[PlyCount "82"]
[EventDate "2009.09.06"]

1. e4 c5 2. Nc3 Nc6 3. d3 g6 4. Be3 d6 5. g3 Bg7 6. Bg2 Rb8 7. Qd2 b5 8. Nge2
b4 9. Nd1 e5 10. h3 Nd4 11. f4 Ne7 12. O-O O-O 13. g4 Nxe2+ 14. Qxe2 exf4 15.
Bxf4 Nc6 16. c3 bxc3 17. bxc3 Ba6 18. Rc1 Ne5 19. c4 Bc8 20. Ne3 Be6 21. Qd2
Rb2 22. Rc2 Rb4 23. Kh1 Qe7 24. Nf5 gxf5 25. gxf5 Bd7 26. Rg1 Kh8 27. Qe3 Rg8
28. Bf1 Rbb8 29. Rg5 Bf6 30. Rh5 Rb1 31. Qe2 Rg7 32. Bh6 Rg3 33. Kh2 Rf3 34.
Bc1 Bh4 35. Bg2 Rf2 36. Rxh7+ Kxh7 37. Qh5+ Kg8 38. Rxf2 Rxc1 39. f6 Bxf6 40.
Bf1 Ng4+ 41. hxg4 Qe5+ 0-1

[Event "2nd League CS-East 2009"]
[Site "Golubac"]
[Date "2009.10.10"]
[Round "9.1"]
[White "Mitrovic, Darko R"]
[Black "Dodic, Dragan"]
[Result "1/2-1/2"]
[WhiteElo "2343"]
[BlackElo "2147"]
[PlyCount "100"]
[EventDate "2009.09.06"]

1. e4 c6 2. d4 d5 3. Nd2 dxe4 4. Nxe4 Nd7 5. Ng5 Ndf6 6. Bc4 e6 7. Ne2 h6 8.
Nf3 Bd6 9. Bf4 Ne7 10. Qd2 b5 11. Bd3 a6 12. O-O-O Bb7 13. Rhe1 Ned5 14. Bxd6
Qxd6 15. Ng3 O-O 16. Ne4 Nxe4 17. Bxe4 c5 18. g4 c4 19. Bxd5 c3 20. Qxc3 Qxd5
21. Ne5 Qxa2 22. b3 Rfc8 23. Qb2 Qa5 24. Re3 Qc7 25. h4 g6 26. f4 Bd5 27. Kb1
a5 28. c3 a4 29. b4 a3 30. Qd2 a2+ 31. Ka1 Ra3 32. Rc1 Rb3 33. f5 Ra8 34. fxg6
Qa7 35. gxf7+ Kf8 36. Ree1 Rb1+ 37. Rxb1 axb1=Q+ 38. Kxb1 Qa1+ 39. Kc2 Ra2+ 40.
Kd3 Rxd2+ 41. Kxd2 Qb2+ 42. Kd3 Qf2 43. Ra1 Bc4+ 44. Nxc4 bxc4+ 45. Kxc4 Kxf7
46. h5 Ke7 47. Ra5 Qe2+ 48. Kb3 Qxg4 49. Re5 Kd6 50. b5 Qd1+ 1/2-1/2

[Event "2nd League CS-East 2009"]
[Site "Golubac"]
[Date "2009.10.10"]
[Round "9.1"]
[White "Dragic, Vladimir"]
[Black "Djokic, Vladan"]
[Result "1/2-1/2"]
[WhiteElo "2205"]
[BlackElo "2263"]
[PlyCount "55"]
[EventDate "2009.09.06"]

1. d4 Nf6 2. Nc3 d5 3. Bg5 g6 4. Bxf6 exf6 5. e3 c6 6. g3 f5 7. Bg2 Nd7 8. Nge2
Nf6 9. O-O Bd6 10. Rb1 a5 11. Nf4 O-O 12. Qf3 b5 13. Rfc1 Ne4 14. Qe2 Nxc3 15.
bxc3 Ra7 16. Nd3 f6 17. Re1 h5 18. Nf4 Qe8 19. Nd3 h4 20. f4 g5 21. Kf2 Qg6 22.
Rh1 Re8 23. Rbe1 Rg7 24. Rhg1 hxg3+ 25. hxg3 b4 26. Bf3 g4 27. Bg2 bxc3 28. Qd1
1/2-1/2

[Event "2nd League CS-East 2009"]
[Site "Golubac"]
[Date "2009.10.10"]
[Round "9.1"]
[White "Kostic, Nebojsa"]
[Black "Floricelovic, Milos"]
[Result "1-0"]
[WhiteElo "2327"]
[BlackElo "2104"]
[PlyCount "138"]
[EventDate "2009.09.06"]

1. c4 e6 2. Nc3 d5 3. cxd5 exd5 4. d4 Nf6 5. Bg5 Be7 6. e3 c6 7. Qc2 O-O 8. Bd3
h6 9. Bh4 Re8 10. h3 Ne4 11. Bxe7 Qxe7 12. Bxe4 dxe4 13. g4 Qh4 14. Nxe4 Bxg4
15. Ng3 Bh5 16. Nxh5 Qxh5 17. Ne2 Qf3 18. Rh2 Na6 19. a3 c5 20. dxc5 Rac8 21.
b4 b6 22. Qc4 Nc7 23. Rc1 bxc5 24. Qxc5 Ne6 25. Qxc8 Rxc8 26. Rxc8+ Kh7 27. h4
Qf5 28. Rc1 Qe5 29. Rh3 Qb2 30. Rc3 Qa1+ 31. Kd2 Qf1 32. Rf3 Qh1 33. Rxf7 Ng5
34. Rxg7+ Kxg7 35. hxg5 Qd5+ 36. Ke1 hxg5 37. Rc5 Qh1+ 38. Kd2 Qg2 39. Rf5 Kg6
40. Ng3 Qc6 41. Ra5 Qd7+ 42. Ke2 Qg4+ 43. Kf1 Qd1+ 44. Kg2 g4 45. Rxa7 Qf3+ 46.
Kg1 Qd1+ 47. Nf1 Qb3 48. Ra5 Kf6 49. Kg2 Qc3 50. Ra6+ Ke5 51. Ng3 Qc4 52. Ra5+
Ke6 53. b5 Qd5+ 54. Kg1 Qd1+ 55. Nf1 Kd5 56. Ra8 Kc5 57. a4 Kb6 58. Rf8 Qxa4
59. Rf5 Qe4 60. Ng3 Qb1+ 61. Kg2 Kb7 62. Re5 Qd1 63. Rf5 Qd3 64. Rf4 Qd1 65.
Nf5 Kb6 66. Nd4 g3 67. Kxg3 Qg1+ 68. Kf3 Qg5 69. Ke2 Kb7 1-0

[Event "2nd League CS-East 2009"]
[Site "Golubac"]
[Date "2009.10.10"]
[Round "9.2"]
[White "Raicevic, Ivica"]
[Black "Markovic, Marko"]
[Result "1/2-1/2"]
[WhiteElo "2315"]
[BlackElo "2312"]
[PlyCount "141"]
[EventDate "2009.09.06"]

1. c4 e5 2. Nc3 Nf6 3. Nf3 Nc6 4. g3 Bb4 5. Bg2 Bxc3 6. bxc3 O-O 7. d3 d6 8.
O-O Bd7 9. h3 Qe7 10. e4 Ne8 11. Nh4 g6 12. Bh6 Ng7 13. Qd2 f6 14. f4 exf4 15.
Rxf4 Rf7 16. Bxg7 Kxg7 17. Raf1 Raf8 18. R4f2 Ne5 19. Nf3 c5 20. Kh2 b6 21. Qe2
Nxf3+ 22. Bxf3 Qe5 23. Qd2 f5 24. Bg2 fxe4 25. Rxf7+ Rxf7 26. Rxf7+ Kxf7 27.
Bxe4 Be6 28. Qf4+ Qxf4 29. gxf4 Kf6 30. h4 Bg4 31. Kg3 Bd1 32. Kf2 h6 33. Ke3
g5 34. fxg5+ hxg5 35. hxg5+ Kxg5 36. Bc6 Kf5 37. Be4+ Ke5 38. Bc6 Bh5 39. Bd5
Be8 40. Bb7 Bf7 41. a3 Be6 42. Bg2 Bd7 43. Bb7 Ba4 44. Bg2 Bb3 45. Bc6 Bd1 46.
Bg2 Bg4 47. Bc6 Bc8 48. Bg2 Ba6 49. Bc6 Bc8 50. Bg2 Bd7 51. Bb7 Bf5 52. Bg2 Kf6
53. Bc6 Bg6 54. Bg2 Be8 55. Bf3 Bg6 56. Bg2 Be8 57. Bf3 Ba4 58. Bg2 Ke5 59. Bf3
Bb3 60. Bc6 Bd1 61. Bg2 Bh5 62. Bc6 Bg6 63. Bg2 Kf6 64. Bc6 Bh5 65. Bg2 Be8 66.
Bf3 Bd7 67. Bg2 Ba4 68. Bf3 Ke5 69. Bg2 Bb3 70. Bc6 Bd1 71. Bg2 1/2-1/2

[Event "2nd League CS-East 2009"]
[Site "Golubac"]
[Date "2009.10.10"]
[Round "9.2"]
[White "Jovic, Stanoje"]
[Black "Dmitrovic, Tomislav"]
[Result "1/2-1/2"]
[WhiteElo "2294"]
[BlackElo "2279"]
[PlyCount "93"]
[EventDate "2009.09.06"]

1. c4 c6 2. e4 d5 3. exd5 cxd5 4. cxd5 Nf6 5. Qa4+ Nbd7 6. Nc3 g6 7. Bc4 Bg7 8.
Nf3 a6 9. d3 O-O 10. Qa3 Nb6 11. Qb3 Nxc4 12. dxc4 b5 13. cxb5 axb5 14. O-O b4
15. Qxb4 Nxd5 16. Nxd5 Qxd5 17. Be3 Rxa2 18. Rxa2 Qxa2 19. Bd4 Bxd4 20. Nxd4
Qd5 21. Nc2 e5 22. Ne3 Qd4 23. Qa3 Be6 24. Rd1 Qb6 25. b4 Rb8 26. Qa5 Qxa5 27.
bxa5 Ra8 28. Ra1 Kf8 29. g3 Ke7 30. f4 exf4 31. gxf4 Ra7 32. Kf2 Kd6 33. Kf3
Kc5 34. f5 gxf5 35. Kf4 Kb5 36. a6 Rxa6 37. Rxa6 Kxa6 38. Nxf5 f6 39. Nd6 Kb6
40. Ne4 Kc6 41. Nxf6 Kd6 42. Nxh7 Ke7 43. Kg5 Kf7 44. h4 Kg7 45. Nf6 Bf7 46. h5
Bxh5 47. Nxh5+ 1/2-1/2

[Event "2nd League CS-East 2009"]
[Site "Golubac"]
[Date "2009.10.10"]
[Round "9.2"]
[White "Trifunovic, Miroljub"]
[Black "Kajganovic, Miodrag"]
[Result "1-0"]
[WhiteElo "2295"]
[BlackElo "2283"]
[PlyCount "61"]
[EventDate "2009.09.06"]

1. d4 Nf6 2. Nf3 g6 3. c4 Bg7 4. Nc3 d5 5. Qb3 dxc4 6. Qxc4 O-O 7. e4 Nfd7 8.
Be3 Nb6 9. Qb3 Nc6 10. Rd1 Bg4 11. d5 Ne5 12. Be2 Nxf3+ 13. gxf3 Bh3 14. Rg1
Qc8 15. f4 Bd7 16. e5 e6 17. d6 cxd6 18. Rxd6 f6 19. f5 Re8 20. fxg6 fxe5 21.
gxh7+ Kh8 22. Qb4 Nd5 23. Nxd5 exd5 24. Rdg6 d4 25. Rxg7 Be6 26. Bd2 Qc2 27.
Qxb7 Qb1+ 28. Bd1 Bxa2 29. Qf3 Rf8 30. Rg8+ Bxg8 31. hxg8=Q+ 1-0

[Event "2nd League CS-East 2009"]
[Site "Golubac"]
[Date "2009.10.10"]
[Round "9.2"]
[White "Krstic, Ranko"]
[Black "Zafirovski, Mite"]
[Result "1/2-1/2"]
[WhiteElo "2169"]
[BlackElo "2257"]
[PlyCount "29"]
[EventDate "2009.09.06"]

1. c4 Nf6 2. Nf3 e6 3. g3 b6 4. Bg2 Bb7 5. O-O Be7 6. Nc3 O-O 7. d4 Ne4 8. Qc2
Nxc3 9. Qxc3 c5 10. Rd1 d6 11. Qc2 Nc6 12. Be3 cxd4 13. Nxd4 Nxd4 14. Bxd4 Bxg2
15. Kxg2 1/2-1/2

[Event "2nd League CS-East 2009"]
[Site "Golubac"]
[Date "2009.10.10"]
[Round "9.2"]
[White "Turudic, Nenad"]
[Black "Nesic, Nedeljko"]
[Result "1/2-1/2"]
[WhiteElo "2215"]
[BlackElo "2067"]
[PlyCount "64"]
[EventDate "2009.09.06"]

1. e4 Nf6 2. e5 Nd5 3. Nc3 Nxc3 4. dxc3 d5 5. Be3 Bf5 6. h4 h6 7. g4 Bc8 8. h5
e6 9. f4 Be7 10. Nf3 c5 11. Qd2 Nc6 12. O-O-O Qa5 13. Kb1 b5 14. f5 Rb8 15. g5
d4 16. cxd4 Qxd2 17. Bxd2 hxg5 18. h6 gxh6 19. Nxg5 Bxg5 20. Bxg5 Nxd4 21. c3
Bb7 22. Rxh6 Be4+ 23. Kc1 Rxh6 24. Bxh6 Nxf5 25. Bg5 Ne7 26. Rd6 Bd5 27. b3 c4
28. Kb2 Rb6 29. Rxb6 axb6 30. b4 Nc6 31. Bf6 Ne7 32. Kc1 Nf5 1/2-1/2

[Event "2nd League CS-East 2009"]
[Site "Golubac"]
[Date "2009.10.10"]
[Round "9.2"]
[White "Markovic, Mirko"]
[Black "Milenkovic, Slavisa"]
[Result "1/2-1/2"]
[WhiteElo "2074"]
[BlackElo "2142"]
[PlyCount "25"]
[EventDate "2009.09.06"]

1. e4 c5 2. Nc3 Nc6 3. g3 g6 4. Bg2 Bg7 5. d3 d6 6. Be3 Nf6 7. h3 Rb8 8. Qd2 b5
9. Nf3 b4 10. Ne2 e5 11. c3 a5 12. O-O h6 13. Nh2 1/2-1/2

[Event "2nd League CS-East 2009"]
[Site "Golubac"]
[Date "2009.10.10"]
[Round "9.3"]
[White "Petrovic, Dragan R"]
[Black "Panic, Milan"]
[Result "0-1"]
[WhiteElo "2215"]
[BlackElo "2225"]
[PlyCount "98"]
[EventDate "2009.09.06"]

1. d4 d5 2. c4 e6 3. Nc3 c5 4. cxd5 exd5 5. Nf3 Nc6 6. g3 Nf6 7. Bg2 Be7 8. O-O
O-O 9. h3 Re8 10. Be3 c4 11. Ne5 Bd6 12. f4 Bb4 13. g4 Bxc3 14. bxc3 h5 15. g5
Ne4 16. Bxe4 dxe4 17. Kg2 Ne7 18. Bf2 e3 19. Bxe3 Nf5 20. Bf2 Qd5+ 21. Kh2 Qe4
22. e3 g6 23. Qb1 Nd6 24. Qxe4 Nxe4 25. Be1 Be6 26. Rb1 Re7 27. Rg1 Rd8 28. Rg2
Rd6 29. Rb4 Rc7 30. Rgb2 Ra6 31. a4 Ra5 32. Ra2 a6 33. Rb6 Bd5 34. Ra3 Re7 35.
Bh4 Re6 36. Rb4 b5 37. Bg3 Rxa4 38. Raxa4 bxa4 39. Nxc4 a5 40. Rxa4 Rc6 41. Ne5
Rxc3 42. Rxa5 Rc2+ 43. Kg1 Be6 44. f5 Bxf5 45. Ra7 Kg7 46. Bf4 Bxh3 47. Nf3
Rg2+ 48. Kf1 Ra2+ 49. Kg1 Rxa7 0-1

[Event "2nd League CS-East 2009"]
[Site "Golubac"]
[Date "2009.10.10"]
[Round "9.3"]
[White "Kalcic, Krsta"]
[Black "Zivkovic, Nemanja"]
[Result "0-1"]
[WhiteElo "2196"]
[BlackElo "2109"]
[PlyCount "112"]
[EventDate "2009.09.06"]

1. e4 c5 2. Nf3 Nc6 3. d4 cxd4 4. Nxd4 Nf6 5. Nc3 g6 6. Be3 Bg7 7. Bc4 O-O 8.
Bb3 d6 9. f3 Bd7 10. Qd2 Rc8 11. O-O-O Ne5 12. h4 h5 13. Bg5 Rc5 14. f4 Nc4 15.
Qd3 b5 16. e5 dxe5 17. Ndxb5 Qc8 18. Bxc4 Bf5 19. Qd2 Rxc4 20. fxe5 Ne4 21.
Nxe4 Bxe4 22. Nc3 Qc5 23. Nxe4 Rxe4 24. Qd5 Qxd5 25. Rxd5 Bxe5 26. Rd7 f6 27.
Bh6 Rb8 28. c3 g5 29. hxg5 Bf4+ 30. Kb1 fxg5 31. g3 Bxg3 32. Bxg5 Kf7 33. Rxh5
Re5 34. Rd3 Kg6 35. Rh3 Rxg5 36. Rhxg3 e5 37. b4 Rb7 38. a4 e4 39. Rd6+ Kh5 40.
Rxg5+ Kxg5 41. Kc2 Kf4 42. b5 Rh7 43. a5 Rh2+ 44. Kb3 e3 45. c4 e2 46. Kb4 Rh3
47. Re6 Re3 48. Rxe3 Kxe3 49. b6 e1=Q+ 50. Kb5 Qh1 51. c5 Qb7 52. c6 a6+ 53.
Kc5 Qe7+ 54. Kd5 Kf4 55. c7 Qd7+ 56. Kc5 Ke5 0-1

[Event "2nd League CS-East 2009"]
[Site "Golubac"]
[Date "2009.10.10"]
[Round "9.3"]
[White "Trickovic, Vladimir"]
[Black "Kolbert, Engelbert"]
[Result "1-0"]
[WhiteElo "2065"]
[BlackElo "2153"]
[PlyCount "41"]
[EventDate "2009.09.06"]

1. d4 Nf6 2. Nf3 g6 3. Bg5 Bg7 4. e3 d6 5. c3 h6 6. Bh4 g5 7. Bg3 Ne4 8. Nbd2
Nxg3 9. hxg3 Bf5 10. Bc4 d5 11. Bb3 Nc6 12. Qe2 a6 13. e4 dxe4 14. Nxe4 O-O 15.
Bc2 Bg6 16. Nexg5 hxg5 17. Bxg6 fxg6 18. Qe6+ Rf7 19. Nxg5 Qe8 20. Qxg6 Rf6 21.
Rh8+ 1-0

[Event "2nd League CS-East 2009"]
[Site "Golubac"]
[Date "2009.10.10"]
[Round "9.3"]
[White "Stojanovic, Dusan"]
[Black "Lukic, Igor M"]
[Result "1/2-1/2"]
[WhiteElo "2163"]
[BlackElo "2150"]
[Annotator "Milojevic,Boban"]
[PlyCount "77"]
[EventDate "2009.09.06"]

1. c4 e5 2. Nc3 d6 3. g3 g6 4. Bg2 Bg7 5. Nf3 Nc6 6. O-O f5 7. d3 h6 8. a3 a5
$11 9. Rb1 Nf6 10. b4 axb4 11. axb4 O-O 12. b5 Ne7 13. Qb3 Be6 14. Bb2 g5 15.
Ra1 Rb8 16. Ra7 Qe8 17. b6 c6 18. Ba3 Nc8 19. Ra5 Nd7 20. Na4 Qh5 21. Qd1 f4
22. Nd2 Bh3 23. e3 g4 24. gxf4 Bxg2 25. Kxg2 Qh3+ 26. Kh1 exf4 27. Rg1 Ne5 28.
d4 Nd3 29. Ne4 fxe3 30. Qxd3 Qf3+ 31. Rg2 e2 32. Qb1 Re8 33. Nac3 Qxc3 34. Nxc3
e1=Q+ 35. Qxe1 Rxe1+ 36. Rg1 Rxg1+ 37. Kxg1 Bxd4 38. Ne4 Nxb6 39. Nxd6 1/2-1/2

[Event "2nd League CS-East 2009"]
[Site "Golubac"]
[Date "2009.10.10"]
[Round "9.4"]
[White "Zlatanovic, Zoran"]
[Black "Dimitrijevic, Srdjan"]
[Result "0-1"]
[WhiteElo "2152"]
[BlackElo "2290"]
[PlyCount "112"]
[EventDate "2009.09.06"]

1. e4 c5 2. Nf3 Nc6 3. d3 g6 4. g3 Bg7 5. Bg2 e5 6. c3 Nge7 7. a3 a5 8. a4 O-O
9. O-O d5 10. exd5 Nxd5 11. Nbd2 h6 12. Re1 Be6 13. Nc4 Qc7 14. Qc2 Rad8 15.
Bd2 Rfe8 16. Rad1 Nb6 17. b3 Nd5 18. Ne3 Nce7 19. Bc1 Rd7 20. Ba3 b6 21. Rc1
Rc8 22. Nd2 Qd8 23. Bf1 Nb4 24. cxb4 cxb4 25. Qa2 bxa3 26. Rxc8 Qxc8 27. Qxa3
Nc6 28. Nec4 Qb8 29. Nf3 Bf5 30. Re3 Rd8 31. Qc1 g5 32. Ncd2 Nb4 33. Ne4 Be6
34. Qb1 g4 35. Nfd2 Nd5 36. Re1 f5 37. d4 fxe4 38. Qxe4 Nb4 39. Qg6 Bf7 40.
Qxg4 Rxd4 41. Ne4 Qd8 42. Rc1 Qe7 43. Qf5 Be6 44. Qf3 Qf7 45. Qe3 Nd5 46. Qe1
Nf6 47. Nc3 e4 48. Nb5 Rd7 49. Rc6 Bxb3 50. Qc3 Ng4 51. Rc8+ Kh7 52. Qe1 Qf5
53. h3 Ne5 54. Qe3 Rd1 55. Qxb3 Rxf1+ 56. Kxf1 Qxc8 0-1

[Event "2nd League CS-East 2009"]
[Site "Golubac"]
[Date "2009.10.10"]
[Round "9.4"]
[White "Stankovic, Ivan G"]
[Black "Colic, Ninoslav"]
[Result "0-1"]
[WhiteElo "2121"]
[BlackElo "2273"]
[PlyCount "108"]
[EventDate "2009.09.06"]

1. d4 f5 2. Nf3 g6 3. e3 Bg7 4. b3 Nf6 5. Bb2 d6 6. Nbd2 e6 7. Bd3 O-O 8. O-O
d5 9. Ne5 Nbd7 10. f4 Nxe5 11. dxe5 Nd7 12. Nf3 Re8 13. c4 c6 14. Rc1 Nf8 15.
Qc2 Qe7 16. Bd4 c5 17. cxd5 cxd4 18. d6 Qd8 19. Nxd4 a6 20. Qc7 g5 21. Qxd8
Rxd8 22. Rc7 gxf4 23. exf4 Kh8 24. Nf3 Bh6 25. g3 Nd7 26. Nd4 Nxe5 27. Nxf5
Nf3+ 28. Rxf3 exf5 29. Re3 Bf8 30. Rf7 Bxd6 31. Kg2 Bc5 32. Re5 b6 33. a4 Rf8
34. Rxf8+ Bxf8 35. Bxf5 Bxf5 36. Rxf5 Kg7 37. Rd5 Rc8 38. Rd7+ Kg6 39. h4 h5
40. a5 Kf5 41. Rf7+ Kg4 42. Kf2 Re8 43. axb6 Bc5+ 44. Kg2 Re2+ 45. Kf1 Kf3 46.
Rd7 Be3 47. Rd3 Rf2+ 48. Ke1 Rg2 49. Kd1 Rxg3 50. Rd5 Bxf4 51. Rxh5 Rh3 52. Rf5
Rxh4 53. Rf6 Rh6 54. Rf7 Rc6 0-1

[Event "2nd League CS-East 2009"]
[Site "Golubac"]
[Date "2009.10.10"]
[Round "9.4"]
[White "Stojanovic, Sreten"]
[Black "Savic, Goran Lj"]
[Result "1-0"]
[WhiteElo "2172"]
[BlackElo "2153"]
[PlyCount "63"]
[EventDate "2009.09.06"]

1. e4 e6 2. c4 c5 3. Nc3 Nc6 4. Nf3 Nf6 5. e5 Ng4 6. Qe2 Qc7 7. Nb5 Qb8 8. d4
cxd4 9. Bf4 a6 10. Nd6+ Bxd6 11. exd6 f5 12. h3 Nf6 13. a3 a5 14. O-O-O Qa7 15.
g4 O-O 16. gxf5 exf5 17. Rg1 Re8 18. Qc2 Qc5 19. Bd3 Ne4 20. Rg2 b6 21. Rdg1 g6
22. Ng5 Nxg5 23. Rxg5 Kh8 24. Bxf5 Ba6 25. Bxd7 Ne5 26. Bxe8 Rxe8 27. d7 Nxd7
28. Rxc5 Nxc5 29. b4 Ne6 30. Qe4 Bxc4 31. Be5+ Kg8 32. Qc6 1-0

[Event "2nd League CS-East 2009"]
[Site "Golubac"]
[Date "2009.10.10"]
[Round "9.4"]
[White "Lepojevic, Nebojsa"]
[Black "Tosic, Branislav"]
[Result "1-0"]
[WhiteElo "2065"]
[BlackElo "2192"]
[PlyCount "116"]
[EventDate "2009.09.06"]

1. e4 c6 2. d4 d5 3. Nc3 b5 4. a3 dxe4 5. Nxe4 Nf6 6. Nxf6+ gxf6 7. Bf4 Nd7 8.
Qh5 Nb6 9. O-O-O Nd5 10. Bd2 Qb6 11. Nf3 e6 12. Bd3 a5 13. Be4 b4 14. a4 b3 15.
c4 Nb4 16. Rhe1 Qa6 17. Kb1 Nc2 18. Bd3 Nxe1 19. Rxe1 Bd7 20. g4 Bb4 21. g5
Bxd2 22. Nxd2 O-O-O 23. Nxb3 Qb6 24. Kc2 fxg5 25. Re5 Kc7 26. Nc5 Rhf8 27. Qxh7
Bc8 28. Qg7 Kb8 29. Rxg5 Qc7 30. Nb3 Rg8 31. Qf6 Rxg5 32. Qxg5 f5 33. f4 Rh8
34. h4 Qd8 35. Qxd8 Rxd8 36. Nxa5 Kc7 37. Nb3 Rh8 38. Nc1 Rxh4 39. Ne2 Bd7 40.
Kd2 Be8 41. b4 Bh5 42. b5 Bxe2 43. Bxe2 Rxf4 44. Bd3 Rh4 45. c5 Rh3 46. Kc2
Rh2+ 47. Kc3 f4 48. b6+ Kb8 49. Be4 Kb7 50. a5 Ra2 51. Kb4 Ra1 52. Bf3 Rb1+ 53.
Kc3 Re1 54. Kd2 Ra1 55. Kd3 Rxa5 56. Ke4 Ra4 57. Ke5 Rc4 58. Bg4 Rc1 1-0

[Event "2nd League CS-East 2009"]
[Site "Golubac"]
[Date "2009.10.10"]
[Round "9.5"]
[White "Nikolic, Zoran S"]
[Black "Cvetanovic, Uros"]
[Result "0-1"]
[WhiteElo "2254"]
[BlackElo "2164"]
[PlyCount "110"]
[EventDate "2009.09.06"]

1. c4 Nf6 2. Nf3 e6 3. d4 b6 4. a3 Bb7 5. Nc3 Be7 6. e3 O-O 7. Be2 d6 8. O-O
Nbd7 9. b3 Ne4 10. Nxe4 Bxe4 11. Nd2 Bb7 12. Qc2 f5 13. Bd3 Bf6 14. Bb2 g6 15.
e4 f4 16. Rfe1 e5 17. d5 h5 18. b4 Bg7 19. f3 g5 20. Nb3 Nf6 21. c5 g4 22. Qe2
Bc8 23. Ba6 Bd7 24. cxd6 cxd6 25. Rac1 Nh7 26. Kh1 Ng5 27. Qf2 Kf7 28. Rc6 Qe8
29. Rc7 Qd8 30. Rec1 Kg6 31. Nd2 h4 32. h3 gxh3 33. gxh3 Nxh3 34. Qg2+ Kh6 35.
Bb5 Rf7 36. Rxd7 Rxd7 37. Qxh3 Rf7 38. Rg1 Qf6 39. Rg4 Rc7 40. Bc6 Rd8 41. Nc4
Kh5 42. Bc3 Bh6 43. Nxe5 Bg5 44. Rxg5+ Qxg5 45. Qg4+ Qxg4 46. Nxg4 Rf8 47. Kg2
Kg5 48. b5 Rfc8 49. e5 dxe5 50. Bxe5 h3+ 51. Kxh3 Rh7+ 52. Kg2 Kf5 53. Bd4 Rd8
54. Bc3 Rg8 55. Kf2 Rh1 0-1

[Event "2nd League CS-East 2009"]
[Site "Golubac"]
[Date "2009.10.10"]
[Round "9.5"]
[White "Popovic, Djordje D"]
[Black "Batanjac, Aleksandar"]
[Result "1-0"]
[WhiteElo "2308"]
[BlackElo "2147"]
[PlyCount "85"]
[EventDate "2009.09.06"]

1. d4 e6 2. c4 b6 3. Nf3 Bb7 4. g3 Bb4+ 5. Nc3 Bxf3 6. exf3 Nf6 7. Bg2 O-O 8.
O-O d5 9. Qb3 Be7 10. f4 c6 11. f5 dxc4 12. Qxc4 exf5 13. d5 b5 14. Qe2 cxd5
15. Nxd5 Nxd5 16. Rd1 Nd7 17. Bxd5 Rc8 18. Be6 Rc7 19. Bf4 Rb7 20. Bd5 Rb6 21.
Rac1 Bg5 22. Bc7 Qf6 23. f4 Bh6 24. Bxb6 Qxb6+ 25. Qf2 Qb8 26. Qd4 Nf6 27. Bg2
Ne8 28. Qd8 Nf6 29. Qxb8 Rxb8 30. Rc7 g6 31. Rxa7 Bf8 32. Ra8 Bc5+ 33. Kf1 Rxa8
34. Bxa8 Kf8 35. Bf3 Ke7 36. a3 b4 37. a4 Ke6 38. a5 Ne4 39. Re1 Kd5 40. a6 Ba7
41. Rc1 Kd6 42. Bxe4 fxe4 43. Rc4 1-0

[Event "2nd League CS-East 2009"]
[Site "Golubac"]
[Date "2009.10.10"]
[Round "9.5"]
[White "Marinkovic, Vojkan"]
[Black "Illijin, Neboisa"]
[Result "0-1"]
[WhiteElo "2041"]
[BlackElo "2228"]
[PlyCount "56"]
[EventDate "2009.09.06"]

1. e4 c5 2. Nf3 e6 3. c4 Nc6 4. Nc3 Nf6 5. d4 cxd4 6. Nxd4 Bb4 7. Nxc6 bxc6 8.
Bd3 d5 9. cxd5 exd5 10. e5 Ng4 11. O-O O-O 12. Bf4 Re8 13. Qc2 Nxe5 14. Bxh7+
Kh8 15. Bf5 Bd6 16. Bxe5 Rxe5 17. Bxc8 Rxc8 18. Rfe1 Rh5 19. h3 Qg5 20. Re3 Qf4
21. Rg3 Re8 22. Rf1 Re6 23. Qd3 Rg5 24. Ne2 Qe5 25. Nd4 Rxg3 26. fxg3 Bc5 27.
Rd1 Rg6 28. g4 Rf6 0-1

[Event "2nd League CS-East 2009"]
[Site "Golubac"]
[Date "2009.10.10"]
[Round "9.6"]
[White "Nikolic, Stanimir"]
[Black "Biljanic, Ljubomir"]
[Result "0-1"]
[WhiteElo "2292"]
[BlackElo "2312"]
[PlyCount "61"]
[EventDate "2009.09.06"]

1. d4 Nf6 2. g3 g6 3. Bg2 Bg7 4. Nf3 O-O 5. O-O d6 6. c4 Nbd7 7. Nc3 e5 8. d5
Nc5 9. Nd2 Ne8 10. b4 Na6 11. Rb1 f5 12. e3 Nb8 13. Nb3 Nd7 14. Ne2 Nef6 15.
Qc2 h5 16. f4 h4 17. e4 Nxe4 18. Bxe4 fxe4 19. Bb2 hxg3 20. hxg3 Qe8 21. Qxe4
Nf6 22. Qg2 Bf5 23. Rbe1 Qd7 24. fxe5 dxe5 25. Nc5 Qc8 26. Ne6 Bxe6 27. dxe6
Qxe6 28. Nf4 Qb6+ 29. c5 Qxb4 30. Rxe5 Ng4 31. Rg5 0-1

[Event "2nd League CS-East 2009"]
[Site "Golubac"]
[Date "2009.10.10"]
[Round "9.6"]
[White "Pantic, Milivoje"]
[Black "Peric, Slavisa"]
[Result "1/2-1/2"]
[WhiteElo "2170"]
[BlackElo "2280"]
[PlyCount "29"]
[EventDate "2009.09.06"]

1. d4 d5 2. Nf3 c6 3. Nbd2 Nf6 4. c4 g6 5. e3 Bg7 6. Bd3 O-O 7. b3 c5 8. Bb2
cxd4 9. exd4 Nc6 10. O-O dxc4 11. bxc4 Nh5 12. Nb3 Bg4 13. Be4 Rc8 14. h3 Bd7
15. Qd2 1/2-1/2

[Event "2nd League CS-East 2009"]
[Site "Golubac"]
[Date "2009.10.10"]
[Round "9.6"]
[White "Mickovic, Slavisa"]
[Black "Bradic, Rade"]
[Result "1-0"]
[WhiteElo "2101"]
[BlackElo "1942"]
[PlyCount "93"]
[EventDate "2009.09.06"]

1. d4 Nf6 2. c4 e6 3. Nc3 d5 4. Bg5 Nbd7 5. e3 Be7 6. h3 c6 7. Nf3 Qa5 8. Bxf6
Nxf6 9. Nd2 O-O 10. Bd3 Rd8 11. Qc2 Bd7 12. O-O Be8 13. a3 Qc7 14. f4 g6 15. c5
b5 16. Nd1 a5 17. b3 Nh5 18. g4 Ng7 19. Nf3 f6 20. Qg2 Ra7 21. Nf2 Bf8 22. g5
fxg5 23. Nxg5 Qe7 24. Ng4 Nf5 25. Bxf5 exf5 26. Ne5 Bg7 27. Ngf3 Bf6 28. Kf2
Qf8 29. Ke2 Rg7 30. h4 Qe7 31. Rh1 h6 32. Rag1 b4 33. a4 Qb7 34. Kd2 h5 35. Ng5
Bxe5 36. fxe5 Qe7 37. Qf2 Bd7 38. Qf4 Be6 39. Rg2 Rf8 40. Rhg1 Qd7 41. Nh3 Kf7
42. Qh6 Rfg8 43. Nf4 Ke8 44. Rxg6 Rxg6 45. Rxg6 Rxg6 46. Qxg6+ Ke7 47. Qf6+ 1-0